Statistics for African Countries with the Greatest Decrease in HDI

Click here to take the quiz!

General Stats

  • This quiz has been taken 466 times
  • The average score is 8 of 10

Answer Stats

DecreaseHDI 2020HDI 2021Answer% Correct
-0.0140.7270.713South Africa
95%
-0.0050.5700.565Zambia
86%
-0.0070.6000.593Zimbabwe
86%
-0.0180.6330.615Namibia
85%
-0.0200.7130.693Botswana
83%
-0.0070.4530.446Mozambique
82%
-0.0070.5210.514Lesotho
80%
-0.0130.6100.597Eswatini
79%
-0.0060.7370.731Tunisia
71%
-0.0080.7930.785Seychelles
65%

Score Distribution

Percentile by Number Answered

Percent of People with Each Score

Your Score History

You have not taken this quiz